South & North American Geography - Statistics

General Stats
  • This quiz has been taken 20 times
  • The average score is 15 of 16
Answer Stats
Picture Answer % Correct
Argentina
100%
Canada
100%
Chile
100%
Ecuador
100%
Guyana
100%
Panama
100%
Uruguay
100%
Dominica
95%
Dominican Republic
95%
Nicaragua
95%
USA
95%
Bolivia
90%
El Salvador
90%
Antigua and Barbuda
85%
Grenada
80%
Trinidad and Tobago
80%
No matching quizzes found
Score Distribution
Percent of People with Each Score
Percentile by Number Answered
Your Score History
You have not taken this quiz